000 00619nam a2200229Ia 4500
003 OSt
005 20220928103625.0
006 a|||||r|||| 00| 0
007 ta
008 220927b |||||||| |||| 00| 0 eng d
024 _a111726
037 _cTextual
040 _aSDCL
_cSDCL
_beng
041 _2eng
_aeng
082 _aO152,3:g(Y), L9
100 _aGupta Vishmbhar Dayal
_9405797
245 0 _aUpanyas ka samajshastra.
260 _aDelhi
_bShri Publishing House
_c1979
300 _a230p.
_ccm.
942 _hO152,3:g(Y), L9
_cTEXL
_2CC
999 _c721414
_d721414